1567 1189 1504 1217 1850 1985 1470 1496 1990 1401 1334 1572 1459 1620 1377 1124 1705 1449 1944 1117 1370 1923 1618 1700 1291 1147 1847 1705 1156 1225 1314 1478 1663 1228 1593 1400 1448 1804 1741 1673 1604 1658 1540 1758 1688 1230 1331 1020 1636 1601 1595 1191 1324 1108 1498 1097 1601 1552 1117 1838 1292 1806 1778 1618 1074 1642 1220 1712 1829 1609 1601 1428 1461 1343 1290 1382 1249 1205 1013 1440 1042 1756 1916 1807 1287 1070 1122 1090 1478 1160 1615 1350 1730 1891 1379 1830 1414 1685 1053 BCNSPRNW ULIB Ver.6.0+V

เปลี่ยนเป็นภาษาไทย

Change to English
 แสดงรายละเอียดบรรณานุกรม
  กลับหน้าหลัก

Brief Record : Get Marc (ISO 2709) : E-mail record : QR code < ปิดหน้าต่าง
LEADER : 00000nam 2200000uu 4500
001    13399127927
003     ULIB
008    211108s2564||||th 000 0 tha d
020    ^a9786164262003
060    ^aWU240^bศ64ก
100    ^aศิโรรัช วัชรานาถ
245    ^aการวินิจฉัยโรคปริทันต์แบบใหม่และการวางแผนการรักษา/^cศิโรรัช วัชรานาถ
250    ^aพิมพ์ครั้งที่ 1
260    ^aพิษณุโลก :^bสำนักพิมพ์มหาวิทยาลัยนเรศวร,^c2564
300    ^a172 หน้า :^bภาพประกอบ ;^c21 ซม.
500    ^a330 บาท
650    ^aโรคเยื่อปริทันต์ ^xการวินิจฉัย
650    ^aโรคเยื่อปริทันต์ ^xการรักษา
945    ^p330^l0^i29127
945    ^p330^l0^i29128
945    ^p330^l0^i29129
945    ^p330^l0^i29130
945    ^p330^l0^i29131
999    ^aกัณชพร จุลอักษร
รายการนี้ยังไม่มีแท็ก
คุณยังไม่ได้ล็อกอิน คุณสามารถมีกิจกรรมร่วมกับเว็บไซต์ได้ แต่ต้องล็อกอินก่อน ::
  ล็อกอิน

รายการสื่อสารสนเทศ

ลำดับที่ ประเภท เลขเรียก/บาร์โค้ด สถานที่ สถานะ
1. หนังสือสำรอง
หนังสือสำรอง
WU240 ศ64ก ฉ.1 
  Barcode: 29127
ห้องสมุดวิทยาเขตนครสวรรค์
►หนังสือทั่วไป:l:General Books
บนชั้น
2. วิทยาศาสตร์การแพทย์ และสุขภาพ
วิทยาศาสตร์การแพทย์ และสุขภาพ
WU240 ศ64ก ฉ.2 
  Barcode: 29128
ห้องสมุดวิทยาเขตนครสวรรค์
►หนังสือทั่วไป:l:General Books
บนชั้น
3. วิทยาศาสตร์การแพทย์ และสุขภาพ
วิทยาศาสตร์การแพทย์ และสุขภาพ
WU240 ศ64ก ฉ.3 
  Barcode: 29129
ห้องสมุดวิทยาเขตนครสวรรค์
►หนังสือทั่วไป:l:General Books
บนชั้น
4. วิทยาศาสตร์การแพทย์ และสุขภาพ
วิทยาศาสตร์การแพทย์ และสุขภาพ
WU240 ศ64ก ฉ.4 
  Barcode: 29130
ห้องสมุดวิทยาเขตนครสวรรค์
►หนังสือทั่วไป:l:General Books
บนชั้น
5. วิทยาศาสตร์การแพทย์ และสุขภาพ
วิทยาศาสตร์การแพทย์ และสุขภาพ
WU240 ศ64ก ฉ.5 
  Barcode: 29131
ห้องสมุดวิทยาเขตนครสวรรค์
►หนังสือทั่วไป:l:General Books
บนชั้น

รายการใกล้เคียง
    ผู้แต่ง [ศิโรรัช วัชรานาถ]

BibComment


ยังไม่เคยถูกคอมเมนท์

คอมเมนท์ทรัพยากรรายการนี้
  คอมเมนท์: การวินิจฉัยโรคปร..


 Copyright 2026. Bcnsprnw @Library